LDR 00626nam a2200181 i 4500 001 000000110852 003 CaOOAMICUS 005 20260409121816.0 008 021217n fr u000 u fre u 040 $aSeMil$bita 245 10$a[M-Z]. 300 $aP. 1158-2383 773 0 $tDictionnaire historique de la langue française.$dParis : Dictionnaires Le Robert, 1992.$z2-85036-187-9$w()8193 850 $aSeMil 852 $aSeMil$W1$xVenegono$y1$mSL1.A IV 12/2$j269955$B66711$CSeMilBibl$Z2$F83662 $8I 961 $aOmaggio: Martini Card. Carlo Maria 996 $6245$a[M-Z]$9(OLS)http://semarc/title/138181